000 00620nam a2200241 i 4500
001 C2-0268377
003 PPAK
005 20180727235320.0
008 060808s2001 enka|||| ||||| | eng d
020 _a0141311428
040 _aPPAK
_beng
_cPPAK
_erda
082 0 4 _a823
_223
090 0 0 _a823
_bDAH
_dG
100 1 _aDahl, Roald,
_eauthor
245 1 0 _aGoing Solo
264 1 _aLondon :
_bPuffin Books ,
_c2001
300 _a209 pages :
_billustrations ;
_c20 cm
336 _2rdacontent
_atext
337 _2rdamedia
_aunmediated
338 _2rdacarrier
_avolume
650 1 0 _aEnglish fiction
942 _ddc
_cB
999 _c77194
_d77194